Hack attacks testing : how to conduct your own security audit /

Bibliographic Details
Main Author: Chirillo, John, 1970-
Format: Book
Language:English
Published: New York : Wiley, [2003]
Subjects:

MARC

Tag First Indicator Second Indicator Subfields
LEADER 00000cam a22000004a 4500
001 in00001754821
005 20151025052141.0
008 021022s2003 nyua 001 0 eng
010 |a  2002152542 
020 |a 0471229466 (Paper/CD-ROM : alk. paper) 
035 |a (OCoLC)ocm50859061 
040 |a DLC  |c DLC  |d C#P  |d TXA  |d UtOrBLW 
042 |a pcc 
049 |a TXAM 
050 0 0 |a QA76.9.A25  |b C49 2003 
082 0 0 |a 005.8  |2 21 
100 1 |a Chirillo, John,  |d 1970- 
245 1 0 |a Hack attacks testing :  |b how to conduct your own security audit /  |c John Chirillo. 
264 1 |a New York :  |b Wiley,  |c [2003] 
264 4 |c ©2003 
300 |a xvi, 540 pages :  |b illustrations ;  |c 24 cm. +  |e + 1 CD-ROM (4 3/4 in.) 
336 |a text  |b txt  |2 rdacontent 
337 |a unmediated  |b n  |2 rdamedia 
338 |a volume  |b nc  |2 rdacarrier 
500 |a Includes index. 
538 |a System requirements: Windows: Windows 9x, Windows 2000, Windows NT4 (with SP4 or later), Windows Me, or Windows XP; PC with a 120 MHz Pentium processor or faster; 32 MB RAM (64 MB recommended); ethernet network interface card (NIC) or modem of 28,800 bps or faster. *NIX: PC with a 90 MHz Pentium processor or faster; 32 MB RAM (64 MB recommended); ethernet network interface card (NIC) or modem of 28,800 bps or faster. Macintosh: Mac OS computer running OS X. 
650 0 |a Computer security. 
650 0 |a Hackers. 
948 |a cataloged  |b h  |c 2003/5/6  |d c  |e ceaton  |f 2:02:29 pm 
994 |a E0  |b TXA 
999 |a MARS 
999 f f |s f8186ade-9ec2-3fa0-9c8e-0c156c7c208b  |i 052e24c0-57a7-3fac-8bd0-e437f8e95244  |t 0 
952 f f |p ric  |a Texas A&M University  |b Rellis Campus  |c Joint Library Facility  |d Remote Storage  |t 0  |e QA76.9.A25 C49 2003  |h Library of Congress classification  |i unmediated -- volume  |m A14830094523 
998 f f |a QA76.9.A25 C49 2003  |t 0  |l Remote Storage